000 00520nam a2200181Ia 4500
008 090123s9999 xx 000 0 und d
082 _b13074
_a891.463/नंदा
100 _aनंदा गुलशन
245 _aसप्तपदी
250 _a1
260 _bदिलिप प्रकाशन
_c1982
300 _a204
600 _aनंदा गुलशन
630 _aसप्तपदी
700 _aनंदा गुलशन
730 _aसप्तपदी
942 _cBOOK
999 _c51137
_d51137